| 000 | 00444nam a2200193Ia 4500 | ||
|---|---|---|---|
| 008 | 170918s9999 xx 000 0 und d | ||
| 020 | _a9780545156288 | ||
| 050 | _bD287 2003 | ||
| 100 | _aDebon, Nicolas | ||
| 245 | _aFour pictures / | ||
| 245 | _cNicolas Debon. | ||
| 260 | _aNew York : | ||
| 260 | _bScholastic, | ||
| 260 | _c2003 | ||
| 300 | _a29 pages : | ||
| 300 | _bcolored illustration ; | ||
| 300 | _c20cm. | ||
| 500 | _a770 | ||
| 999 |
_c341936 _d341936 |
||